000 01008nam a2200253Ia 4500
003 OSt
005 20220923220708.0
006 a|||||r|||| 00| 0
007 ta
008 220922b |||||||| |||| 00| 0 hin d
024 _a189,260
037 _cTextual
040 _aARTS
_cARTS
_bhin
041 _2hin
_ahin
082 _aO152,2N231x, M2
100 _aनायर, एन0 चन्द्रशेखरन
_9164578
245 0 _aएन चन्द्रशेखरन नायर का नाटक साहित्य
_b नाटकों का संकलन
246 _aEna0 chandrashekharan nāyar kā nāṭak sāhitya: nāṭakoan kā sankalana
260 _aकेरल
_b श्री निकेतन प्रकाशन
_c1982
300 _a108पृ.
_ccm.
650 _aहिन्दी साहित्य
_9156264
942 _hO152,2N231x, M2
_cTEXL
_2CC
999 _c342113
_d342113